سنت کی آیینی حیثیت (Record no. 553765)
[ view plain ]
| 000 -LEADER | |
|---|---|
| fixed length control field | 00336nam a22001217a 4500 |
| 082 ## - DEWEY DECIMAL CLASSIFICATION NUMBER | |
| Classification number | 297.124 |
| Author Mark | MOD |
| -- | L-31-II,P-16 |
| 100 ## - MAIN ENTRY--PERSONAL NAME | |
| Personal name | Modudi, Ab ala |
| 9 (RLIN) | 51028 |
| 245 ## - TITLE STATEMENT | |
| Title | سنت کی آیینی حیثیت |
| 260 ## - PUBLICATION, DISTRIBUTION, ETC. | |
| Place of publication, distribution, etc. | Lahore.: |
| Name of publisher, distributor, etc. | Islamic Publication, |
| Date of publication, distribution, etc. | 1983. |
| 500 ## - GENERAL NOTE | |
| General note | MCE |
| 526 ## - STUDY PROGRAM INFORMATION NOTE | |
| Program name | 0 |
| Interest level | 0 |
| Reading level | 0 |
| Title point value | 297_124000000000000_MOD |
| 942 ## - ADDED ENTRY ELEMENTS (KOHA) | |
| Source of classification or shelving scheme | |
| Koha item type | Book |
| Withdrawn status | Lost status | Source of classification or shelving scheme | Damaged status | Not for loan | Permanent Location | Current Location | Date acquired | Total Checkouts | Full call number | Barcode | Date last seen | Price effective from | Koha item type |
|---|---|---|---|---|---|---|---|---|---|---|---|---|---|
| Military College of Engineering (MCE) | Military College of Engineering (MCE) | 03/08/2017 | 297.124 MOD | MCE-9798 | 03/08/2017 | 03/08/2017 | Book |
